Jardins i escultures de les Corts / Lluís M. Bou i Roura i Eva Gimeno i Cases
Descripción Física:
69 p. : il., negre i col. ; 21 cm
Otros Autores:
Gimeno i Cases, Eva
MARC
| LEADER | 00000nam a2200000Ia 4500 | ||
|---|---|---|---|
| 001 | 8844 | ||
| 008 | 160829s1989 xx 000 0 cat d | ||
| 080 | |a B-1-355 | ||
| 100 | |a Bou, Lluís M. |9 34739 | ||
| 245 | |a Jardins i escultures de les Corts / Lluís M. Bou i Roura i Eva Gimeno i Cases | ||
| 260 | |a Barcelona : |b Ajuntament de Barcelona, Regidoria d'Edicions i Publicacions, |c 1989 | ||
| 300 | |a 69 p. : |b il., negre i col. ; |c 21 cm | ||
| 650 | 0 | |a Jardins |z Barcelona (Catalunya) |9 34740 | |
| 650 | |a Escultura pública |x Barcelona |9 34741 | ||
| 650 | |a Corts (Barcelona) |9 32633 | ||
| 700 | |a Gimeno i Cases, Eva |9 34742 | ||
| 710 | 1 | |a Barcelona (Catalunya). |b Regidoria d'Edicions i Publicacions |9 56272 | |
| 901 | |a Arxiu | ||
| 942 | |n 1 | ||
| 952 | |0 0 |1 0 |4 0 |6 B1355 |7 1 |9 46627 |a Arxiu |b Arxiu |d 2016-12-01 |l 0 |o B-1-355 |p 8844 |r 2016-12-01 00:00:00 |w 2016-12-01 |y ARXIU | ||
| 999 | |c 50420 |d 50420 | ||